Statistics for Top 10 Welsh PL scorers

Click here to take the quiz!

General Stats

  • This quiz has been taken 13 times
  • The average score is 5 of 10

Answer Stats

HintAnswer% Correct
42Bale
85%
109Giggs
85%
48Rush
69%
80Speed
69%
81Bellamy
62%
28Ramsey
62%
55Hartson
23%
64Hughes
23%
45Saunders
23%
27Davies
15%

Score Distribution

Percentile by Number Answered

Percent of People with Each Score

Your Score History

You have not taken this quiz